Land tenure and rural livelihoods in Zambia (Record no. 48824)

MARC details
000 -LEADER
fixed length control field 00630nam a2200157 a 4500
008 - FIXED-LENGTH DATA ELEMENTS--GENERAL INFORMATION
fixed length control field 060403s2005 ||||||||||||||||| || u
050 ## - LIBRARY OF CONGRESS CALL NUMBER
Classification number THESIS/POSTGRADUATE
100 ## - MAIN ENTRY--PERSONAL NAME
Personal name Chileshe, Roy Alexander
245 10 - TITLE STATEMENT
Title Land tenure and rural livelihoods in Zambia
246 ## - VARYING FORM OF TITLE
Title proper/short title case studies of Kamena and ST.Joseph
260 ## - PUBLICATION, DISTRIBUTION, ETC.
Place of publication, distribution, etc. Western Cape
Name of publisher, distributor, etc. University of the Western Cape,Department of Geoinformatics
Date of publication, distribution, etc. 2005
350 ## - PRICE (NR) (BK AM CF MU VM SE) [OBSOLETE]
Price 0.00
650 ## - SUBJECT ADDED ENTRY--TOPICAL TERM
Topical term or geographic name entry element LAND TENURE--ZAMBIA
650 ## - SUBJECT ADDED ENTRY--TOPICAL TERM
Topical term or geographic name entry element LAND
995 ## - RECOMMENDATION 995 [LOCAL, UNIMARC FRANCE]
-- 0.00
-- CBU-MAIN LIBRARY (Kitwe)
-- 1
-- 0.00
-- 1
-- AVAILABLE
-- Apr 3, 2006
-- University Collection
Holdings
Withdrawn status Lost status Source of classification or shelving scheme Damaged status Not for loan Home library Current library Shelving location Date acquired Total Checkouts Full call number Barcode Date last seen Price effective from Koha item type
          CBU-MAIN LIBRARY, KITWE. CBU-MAIN LIBRARY, KITWE.   11/30/2022   THESIS/POSTGRADUATE 41937 11/30/2022 11/30/2022 MONOGRAPH